[Event "ROM-ch U18 Girls"]
[Site "Mamaia"]
[Date "2021.04.09"]
[Round "4"]
[White "Ciolacu, Alessia Mihaela"]
[Black "Covrig, Larisa Raluca"]
[Result "1/2-1/2"]
[WhiteElo "2052"]
[BlackElo "1692"]
[PlyCount "110"]
[EventDate "2021.04.07"]
[EventType "swiss"]
[EventRounds "9"]
[EventCountry "ROU"]
[SourceTitle "EXT 2022"]
[Source "ChessBase"]
[SourceDate "2021.10.06"]
[SourceVersion "1"]
[SourceVersionDate "2021.10.06"]
[SourceQuality "1"]

1. Nf3 d5 2. c4 c6 3. g3 Nf6 4. Bg2 Bf5 5. Qb3 Qc8 6. cxd5 cxd5 7. Nc3 e6 8. d3 Nc6 9. Bf4 Be7 10. Rc1 Qd7 11. 0-0 0-0 12. Qa4 d4 13. Nb5 Rfd8 14. Be5 a6 15. Nc7 Rac8 16. Rxc6 bxc6 17. Nxd4 Rxc7 18. Bxc7 Qxc7 19. Nxc6 Rc8 20. Qxa6 Kf8 21. b4 Nd7 22. a4 Nb8 23. Nxb8 Rxb8 24. b5 Bb4 25. h3 e5 26. f4 Bc8 27. Qc6 Qxc6 28. Bxc6 exf4 29. Rxf4 Ba5 30. Bd5 f6 31. g4 Bb6+ 32. Kg2 Bb7 33. Bxb7 Rxb7 34. Rc4 Rc7 35. Rb4 Ke7 36. Kf3 Ke6 37. Re4+ Kd5 38. Re8 Ra7 39. Rb8 Bc7 40. Rc8 Bb6 41. Rb8 Bc7 42. Rh8 h6 43. Rg8 g5 44. Rf8 Rxa4 45. e3 Ke6 46. Rh8 Rb4 47. Rxh6 Rxb5 48. h4 gxh4 49. Rxh4 Rb4 50. Rh6 Bd8 51. g5 Kf7 52. Rh8 Bb6 53. gxf6 Kxf6 54. Rb8 Bc5 55. Rxb4 Bxb4 1/2-1/2

[Event "ROM-chT (Women)"]
[Site "Mamaia"]
[Date "2019.09.28"]
[Round "6.9"]
[White "Covrig, Larisa Raluca"]
[Black "Bulmaga, Irina"]
[Result "0-1"]
[WhiteElo "1770"]
[BlackElo "2440"]
[PlyCount "54"]
[EventDate "2019.09.21"]
[EventType "team-tourn"]
[EventRounds "7"]
[EventCountry "ROU"]
[SourceTitle "EXT 2020"]
[Source "ChessBase"]
[SourceDate "2019.10.17"]
[SourceVersion "1"]
[SourceVersionDate "2019.10.17"]
[SourceQuality "1"]

1. d4 Nf6 2. Bf4 e6 3. e3 b6 4. Nf3 Bb7 5. Bd3 g6 6. Nbd2 Bg7 7. 0-0 d6 8. c3 Nbd7 9. Re1 0-0 10. e4 h6 11. Qe2 e5 12. dxe5 dxe5 13. Bg3 Nh5 14. Bh4 Qe8 15. Nc4 Nf4 16. Qe3 Nc5 17. Bc2 Qe6 18. Ncd2 g5 19. Bg3 Rad8 20. b4 Ncd3 21. Reb1 Qc6 22. c4 f5 23. b5 Qg6 24. exf5 Qxf5 25. Nb3 Nxg2 26. Nfd4 Nxe3 27. Nxf5 Nxc2 0-1

[Event "ROM-ch U16 Girls"]
[Site "Calimanesti Caciulata"]
[Date "2019.04.19"]
[Round "6"]
[White "Maniul, Francesca Medeea"]
[Black "Covrig, Larisa Raluca"]
[Result "0-1"]
[WhiteElo "1668"]
[BlackElo "1749"]
[PlyCount "60"]
[EventDate "2019.04.15"]
[EventType "swiss"]
[EventRounds "9"]
[EventCountry "ROU"]
[SourceTitle "CBM 190 Extra"]
[Source "ChessBase"]
[SourceDate "2019.07.15"]
[SourceVersion "1"]
[SourceVersionDate "2019.07.15"]
[SourceQuality "1"]

1. d4 d5 2. c4 e6 3. Nc3 a6 4. cxd5 exd5 5. Nf3 c6 6. Bf4 Bd6 7. Bg3 Ne7 8. e3 Nf5 9. Bd3 Nxg3 10. hxg3 h6 11. Qc2 Bg4 12. Nh4 Nd7 13. Nf5 Bxf5 14. Bxf5 Nb6 15. a4 Bb4 16. 0-0 0-0 17. Ne2 Qe7 18. Bd3 Rfe8 19. a5 Nd7 20. Qb3 Nf6 21. Ra4 Bd6 22. Qb6 Rab8 23. Raa1 g6 24. Qb3 Ng4 25. Rfd1 Qg5 26. Bc2 Qh5 27. Rd2 Qh2+ 28. Kf1 Qh1+ 29. Ng1 Bxg3 30. Ke2 Qxg2 0-1

[Event "EU-ch U14 Girls 27th"]
[Site "Mamaia"]
[Date "2017.09.14"]
[Round "9"]
[White "Covrig, Larisa Raluca"]
[Black "Katkov, Michelle"]
[Result "0-1"]
[WhiteElo "1645"]
[BlackElo "1845"]
[PlyCount "104"]
[EventDate "2017.09.05"]
[EventType "swiss"]
[EventRounds "9"]
[EventCountry "ROU"]
[SourceTitle "EXT 2018"]
[Source "ChessBase"]
[SourceDate "2017.10.13"]
[SourceVersion "1"]
[SourceVersionDate "2017.10.13"]
[SourceQuality "1"]

1. e4 e5 2. Bc4 Bc5 3. Nc3 Nc6 4. d3 d6 5. Na4 Bb6 6. Nxb6 axb6 7. f4 Nf6 8. Nf3 Bg4 9. h3 Bxf3 10. Qxf3 Nd4 11. Qf2 b5 12. c3 bxc4 13. cxd4 cxd3 14. fxe5 dxe5 15. Bg5 Nxe4 16. Bxd8 Nxf2 17. Kxf2 Rxd8 18. dxe5 c5 19. b3 Ke7 20. Kf3 Rd5 21. Rhd1 b5 22. Rac1 Ke6 23. Kf4 Rc8 24. Rc3 c4 25. a4 bxa4 26. bxa4 Rd4+ 27. Kf3 Kxe5 28. a5 Ra8 29. Ra3 Ra6 30. Ke3 Re4+ 31. Kd2 Kd4 32. Rf1 Re2+ 33. Kd1 f6 34. Rf4+ Re4 35. Rf2 c3 36. Ra4+ Ke5 37. Ra3 Rc4 38. g3 Rd6 39. Rf1 d2 40. Kc2 Rcc6 41. Rfa1 Ke4 42. a6 Rxa6 43. Rxa6 d1Q+ 44. Rxd1 Rxa6 45. Kxc3 Ra3+ 46. Kc4 Rxg3 47. h4 Kf4 48. h5 Kg5 49. Rh1 f5 50. Kd4 f4 51. Ke4 Re3+ 52. Kd4 Re7 0-1

[Event "EU-ch U14 Girls 27th"]
[Site "Mamaia"]
[Date "2017.09.08"]
[Round "4"]
[White "Guillo Longares, Cecilia"]
[Black "Covrig, Larisa Raluca"]
[Result "1-0"]
[WhiteElo "1810"]
[BlackElo "1645"]
[PlyCount "67"]
[EventDate "2017.09.05"]
[EventType "swiss"]
[EventRounds "9"]
[EventCountry "ROU"]
[SourceTitle "CBM 180 Extra"]
[Source "ChessBase"]
[SourceDate "2017.10.06"]
[SourceVersion "1"]
[SourceVersionDate "2017.10.06"]
[SourceQuality "1"]

1. d4 d5 2. c4 e6 3. Nf3 a6 4. cxd5 exd5 5. Nc3 c6 6. Qc2 Ne7 7. Bf4 Bf5 8. Qb3 Qc8 9. Rc1 Nd7 10. Nh4 Nf6 11. Nxf5 Nxf5 12. e3 Bd6 13. Be5 Bxe5 14. dxe5 Ne4 15. Nxe4 dxe4 16. Qb4 Qe6 17. Qxe4 f6 18. Bd3 Ne7 19. exf6 Qxe4 20. Bxe4 gxf6 21. Ke2 f5 22. Bd3 0-0-0 23. Rc5 Rhf8 24. Re5 Kd7 25. Rd1 Kd6 26. f4 Nd5 27. Bxf5 Kc7 28. Be4 Nf6 29. Re7+ Kb6 30. Rxd8 Rxd8 31. Bxh7 Rh8 32. Bf5 Rxh2 33. Bh3 Rh1 34. Bc8 1-0

[Event "ROM-ch U14 Girls"]
[Site "Baile Felix"]
[Date "2017.02.09"]
[Round "9"]
[White "Maniul, Francesca Medeea"]
[Black "Covrig, Larisa Raluca"]
[Result "0-1"]
[WhiteElo "1362"]
[BlackElo "1563"]
[PlyCount "104"]
[EventDate "2017.02.02"]
[EventType "swiss"]
[EventRounds "9"]
[EventCountry "ROU"]
[SourceTitle "CBM 176 Extra"]
[Source "ChessBase"]
[SourceDate "2017.03.02"]
[SourceVersion "1"]
[SourceVersionDate "2017.03.02"]
[SourceQuality "1"]

1. d4 d5 2. c4 e6 3. Nc3 c6 4. Nf3 dxc4 5. a4 Bb4 6. e3 b5 7. Bd2 a5 8. axb5 Bxc3 9. bxc3 cxb5 10. Qb1 Bd7 11. Be2 Nf6 12. 0-0 0-0 13. Ne5 Qc7 14. f4 Bc6 15. Nxc6 Qxc6 16. Bf3 Nd5 17. e4 Nf6 18. e5 Nd5 19. Be4 g6 20. h4 Nd7 21. h5 Kg7 22. Qe1 f5 23. Bf3 Qb6 24. Bxd5 exd5 25. Qg3 b4 26. Qf3 Qb7 27. g4 b3 28. hxg6 hxg6 29. gxf5 Rxf5 30. Rfb1 a4 31. Bc1 Nb6 32. Qg4 Raf8 33. Rb2 Qf7 34. Rf2 Rh8 35. Bb2 Rfh5 36. Kg2 Rh2+ 37. Kf1 Rxf2+ 38. Kxf2 Rh2+ 39. Kg3 Rxb2 40. e6 Qf5 41. Qxf5 gxf5 42. e7 Kf7 43. Re1 Ke8 44. Kh4 Rg2 45. Re5 b2 46. Re1 a3 47. Kh3 Rg7 48. Rb1 a2 49. Rxb2 a1Q 50. Rh2 Qxc3+ 51. Kh4 Qg3+ 52. Kh5 Rh7# 0-1

[Event "Wch U12 Girls"]
[Site "Batumi"]
[Date "2016.10.28"]
[Round "9"]
[White "Mudodo, Refiloe Hazel"]
[Black "Covrig, Larisa Raluca"]
[Result "1-0"]
[WhiteElo "1268"]
[BlackElo "1671"]
[PlyCount "53"]
[EventDate "2016.10.19"]
[EventType "swiss"]
[EventRounds "11"]
[EventCountry "GEO"]
[SourceTitle "EXT 2018"]
[Source "ChessBase"]
[SourceDate "2017.10.13"]
[SourceVersion "1"]
[SourceVersionDate "2017.10.13"]
[SourceQuality "1"]

1. e4 c5 2. Nf3 e6 3. d4 cxd4 4. Nxd4 Qc7 5. Bd3 a6 6. 0-0 Nf6 7. Qe2 d6 8. c4 b6 9. Nc3 Bb7 10. Bd2 Be7 11. f4 0-0 12. Rf3 Re8 13. Rg3 Nc6 14. Nxc6 Bxc6 15. Rf1 Bf8 16. Rh3 h6 17. Rff3 d5 18. Rfg3 Kh8 19. e5 dxc4 20. Bxc4 Nd5 21. Nxd5 exd5 22. Bd3 Bd7 23. Rh4 Qd8 24. Rh5 f6 25. Bg6 f5 26. Rxh6+ Kg8 27. Qh5 1-0

[Event "Wch U12 Girls"]
[Site "Batumi"]
[Date "2016.10.27"]
[Round "8"]
[White "Khachatryan, Marieta"]
[Black "Covrig, Larisa Raluca"]
[Result "1-0"]
[WhiteElo "1449"]
[BlackElo "1671"]
[PlyCount "40"]
[EventDate "2016.10.19"]
[EventType "swiss"]
[EventRounds "11"]
[EventCountry "GEO"]
[SourceTitle "EXT 2018"]
[Source "ChessBase"]
[SourceDate "2017.10.13"]
[SourceVersion "1"]
[SourceVersionDate "2017.10.13"]
[SourceQuality "1"]

1. e4 d5 2. exd5 Qxd5 3. Nf3 c6 4. Nc3 Qd6 5. d4 Bg4 6. Be2 Nd7 7. 0-0 e6 8. Ne4 Qc7 9. c4 Be7 10. Nc3 Ngf6 11. h3 Bf5 12. Be3 0-0 13. Qb3 Ne4 14. Rfd1 Ndf6 15. Nxe4 Bxe4 16. Rac1 Rfd8 17. Ne5 c5 18. Nf3 Rac8 19. Ng5 cxd4 20. Bxd4 b6 1-0

[Event "Wch U12 Girls"]
[Site "Batumi"]
[Date "2016.10.23"]
[Round "5"]
[White "Covrig, Larisa Raluca"]
[Black "Samadashvili, Martha"]
[Result "0-1"]
[WhiteElo "1671"]
[BlackElo "1861"]
[PlyCount "100"]
[EventDate "2016.10.19"]
[EventType "swiss"]
[EventRounds "11"]
[EventCountry "GEO"]
[SourceTitle "EXT 2018"]
[Source "ChessBase"]
[SourceDate "2017.10.13"]
[SourceVersion "1"]
[SourceVersionDate "2017.10.13"]
[SourceQuality "1"]

1. d4 Nf6 2. Bf4 e6 3. e3 b6 4. Nf3 Bb7 5. Bd3 d6 6. 0-0 Nbd7 7. c4 Qe7 8. Bg5 g6 9. Nc3 h6 10. Bxf6 Nxf6 11. e4 Bg7 12. Qa4+ Kf8 13. Qc2 Kg8 14. Rac1 Kh7 15. b4 Nd7 16. Na4 c5 17. bxc5 dxc5 18. d5 Qd6 19. Nc3 a6 20. Rfd1 Qf4 21. Ne2 Qd6 22. Ng3 Ne5 23. Nxe5 Bxe5 24. Rb1 Rab8 25. Rf1 Kg7 26. Qd2 Bf4 27. Qb2+ Be5 28. Qxb6 Qe7 29. Qa5 h5 30. Ne2 g5 31. Qd2 Bf6 32. f4 e5 33. fxe5 Bxe5 34. Rb6 Bc8 35. Rxb8 Bxb8 36. Bc2 f6 37. Qd3 Be5 38. Rb1 Qd6 39. g3 h4 40. Kg2 Qd7 41. Ng1 hxg3 42. hxg3 Qf7 43. Qf3 g4 44. Qf2 Qh5 45. Kf1 Qg5 46. Ke2 Rh1 47. Rd1 Bd4 48. Rxd4 cxd4 49. Qxd4 Qc1 50. Bd1 Rh2+ 0-1

[Event "Wch U12 Girls"]
[Site "Batumi"]
[Date "2016.10.21"]
[Round "3"]
[White "Yedigaryan, Asya"]
[Black "Covrig, Larisa Raluca"]
[Result "0-1"]
[WhiteElo "1342"]
[BlackElo "1671"]
[PlyCount "54"]
[EventDate "2016.10.19"]
[EventType "swiss"]
[EventRounds "11"]
[EventCountry "GEO"]
[SourceTitle "EXT 2018"]
[Source "ChessBase"]
[SourceDate "2017.10.13"]
[SourceVersion "1"]
[SourceVersionDate "2017.10.13"]
[SourceQuality "1"]

1. e4 c5 2. Nf3 e6 3. Nc3 a6 4. d4 cxd4 5. Nxd4 Qc7 6. Bd3 Nf6 7. a3 d6 8. 0-0 Be7 9. Be3 0-0 10. Re1 Nbd7 11. Be2 Nc5 12. Bf3 Rb8 13. Nb3 Nfd7 14. Be2 b5 15. a4 Bb7 16. f3 d5 17. exd5 exd5 18. Nxd5 Bxd5 19. Nd2 Rbc8 20. c3 Nb6 21. Qc2 h6 22. Bd3 Nc4 23. Nxc4 bxc4 24. Be4 Rfd8 25. Rad1 Bh4 26. Bf2 Bxf2+ 27. Qxf2 Qb7 0-1

[Event "ROM-ch U12 Girls"]
[Site "Calimanesti Caciulata"]
[Date "2016.04.25"]
[Round "9"]
[White "Vulpe, Raisa Georgiana"]
[Black "Covrig, Larisa Raluca"]
[Result "0-1"]
[WhiteElo "1529"]
[BlackElo "1557"]
[PlyCount "82"]
[EventDate "2016.04.18"]
[EventType "swiss"]
[EventRounds "9"]
[EventCountry "ROU"]
[SourceTitle "EXT 2017"]
[Source "ChessBase"]
[SourceDate "2016.10.25"]
[SourceVersion "1"]
[SourceVersionDate "2016.10.25"]
[SourceQuality "1"]

1. g4 d5 2. Bg2 c6 3. h3 g6 4. e4 Bg7 5. Nc3 e6 6. exd5 cxd5 7. Nf3 Nc6 8. d4 Nge7 9. 0-0 0-0 10. Be3 Bd7 11. Qd2 a6 12. Ne2 b5 13. c3 Qb6 14. Rac1 Rfc8 15. Rfd1 Na5 16. b3 Nb7 17. Bf4 Nd6 18. Bxd6 Qxd6 19. Rc2 Rc6 20. Rdc1 Rac8 21. Qd3 Bf8 22. c4 bxc4 23. bxc4 dxc4 24. Rxc4 Rxc4 25. Rxc4 Bb5 26. Nd2 Nd5 27. Nc3 Bxc4 28. Nxc4 Qb4 29. Nxd5 Qxc4 30. Qxc4 Rxc4 31. Ne3 Rxd4 32. Kf1 Ra4 33. Ke2 Rxa2+ 34. Kf3 Bc5 35. Bf1 Bxe3 36. fxe3 a5 37. Bb5 a4 38. Bc4 Rb2 39. e4 a3 40. Ke3 a2 41. Bxa2 Rxa2 0-1

[Event "ROM-ch U12 Girls"]
[Site "Calimanesti Caciulata"]
[Date "2016.04.22"]
[Round "6"]
[White "Anghel, Maria"]
[Black "Covrig, Larisa Raluca"]
[Result "0-1"]
[WhiteElo "1715"]
[BlackElo "1557"]
[PlyCount "90"]
[EventDate "2016.04.18"]
[EventType "swiss"]
[EventRounds "9"]
[EventCountry "ROU"]
[SourceTitle "CBM 172 Extra"]
[Source "ChessBase"]
[SourceDate "2016.06.21"]
[SourceVersion "1"]
[SourceVersionDate "2016.06.21"]
[SourceQuality "1"]

1. d4 d5 2. Nf3 c6 3. c4 dxc4 4. e4 b5 5. a4 e6 6. Qc2 Bb7 7. Bd2 Nf6 8. Nc3 Bb4 9. Be2 0-0 10. 0-0 a6 11. Bg5 h6 12. Bh4 Be7 13. Rad1 Nbd7 14. Rd2 Nb6 15. Rfd1 g5 16. Bg3 b4 17. Nb1 b3 18. Qc1 Nxe4 19. Bxc4 Nxd2 20. Nbxd2 Nxc4 21. Nxc4 Bf6 22. h4 Kg7 23. Be5 g4 24. Ng5 Kg8 25. Nd6 hxg5 26. Nxb7 Qe7 27. Qe3 gxh4 28. Nc5 Bxe5 29. dxe5 Rfd8 30. Re1 Rd5 31. Rc1 Rad8 32. Kh2 a5 33. Rc4 f5 34. exf6 Qxf6 35. Rxg4+ Kf7 36. Rf4 Rf5 37. Ne4 Qe5 38. Ng5+ Kf6 39. Ne4+ Kg6 40. g3 Rxf4 41. gxf4 Qxb2 42. Ng5 Qf6 43. Nf3 b2 44. Qe4+ Kg7 45. Ng5 b1Q 0-1

[Event "World School-ch U11 Girls 11th"]
[Site "Pattaya"]
[Date "2015.05.07"]
[Round "1"]
[White "Varshitha, V."]
[Black "Covrig, Larisa Raluca"]
[Result "0-1"]
[WhiteElo "1214"]
[BlackElo "1596"]
[PlyCount "116"]
[EventDate "2015.05.07"]
[EventType "swiss"]
[EventRounds "9"]
[EventCountry "THA"]
[SourceTitle "CBM 166 Extra"]
[Source "ChessBase"]
[SourceDate "2015.06.18"]
[SourceVersion "1"]
[SourceVersionDate "2015.06.18"]
[SourceQuality "1"]

1. f4 d5 2. Nf3 c5 3. e3 Nc6 4. Be2 Nf6 5. 0-0 e6 6. c3 Bd7 7. d4 c4 8. Nbd2 Bd6 9. Ne5 0-0 10. Qc2 b5 11. b3 a6 12. Bb2 h6 13. Ndf3 Rc8 14. Nxd7 Qxd7 15. Ne5 Qc7 16. bxc4 bxc4 17. Rf3 Rb8 18. Rh3 Qb6 19. Bc1 Rb7 20. g4 Bxe5 21. dxe5 Ne4 22. Bf3 f5 23. gxf5 exf5 24. Bxe4 dxe4 25. Ba3 Rd8 26. Qg2 Ne7 27. Bxe7 Rxe7 28. Qe2 Rd3 29. Rc1 Rb7 30. Qh5 Rxe3 31. Kh1 Rxh3 32. Qxh3 Qg6 33. Rg1 Qe6 34. Rd1 Rd7 35. Rb1 Rd3 36. Qh5 Kh8 37. Rb7 e3 38. Rb2 Rd2 39. Rxd2 exd2 40. Qd1 Qd5+ 41. Kg1 Qd3 42. Kf2 Qxc3 43. Qb1 Qd3 44. Qd1 c3 45. e6 Kg8 46. e7 Kf7 47. Qh5+ Kxe7 48. Qh4+ Kd7 49. Qh5 d1Q 50. Qf7+ Kc6 51. Qe6+ Qd6 52. Qc8+ Qc7 53. Qe8+ Qdd7 54. Qg6+ Kb7 55. Qg2+ Qcc6 56. Qf1 Qd4+ 57. Kg3 Qg6+ 58. Kf3 Qg4# 0-1

[Event "ROM-ch U12 Girls"]
[Site "Calimanesti"]
[Date "2015.04.02"]
[Round "4"]
[White "Covrig, Larisa Raluca"]
[Black "Lupascu, Diana Elena"]
[Result "1-0"]
[WhiteElo "1597"]
[BlackElo "1504"]
[PlyCount "127"]
[EventDate "2015.03.30"]
[EventType "swiss"]
[EventRounds "9"]
[EventCountry "ROU"]
[SourceTitle "CBM 165 Extra"]
[Source "ChessBase"]
[SourceDate "2015.04.21"]
[SourceVersion "1"]
[SourceVersionDate "2015.04.21"]
[SourceQuality "1"]

1. d4 Nf6 2. Nf3 e6 3. Bg5 b6 4. g3 Bb7 5. Bg2 h6 6. Bd2 g5 7. h3 Bg7 8. g4 0-0 9. 0-0 d6 10. c4 Nbd7 11. Nc3 c5 12. e3 Qe7 13. Re1 Rac8 14. Qb3 cxd4 15. exd4 Ba6 16. Nb5 Kh8 17. a4 Bxb5 18. axb5 Rc7 19. Bb4 Rfc8 20. Rac1 Ne8 21. d5 Nc5 22. Bxc5 bxc5 23. Qe3 e5 24. b3 Qf8 25. Qd3 Rb7 26. Nd2 Ra8 27. Be4 a6 28. Ra1 Nc7 29. bxa6 Nxa6 30. Ra4 Nb4 31. Qf3 Rba7 32. Rea1 Rxa4 33. Rxa4 Rxa4 34. bxa4 Qe8 35. Qa3 Qd7 36. a5 Qc8 37. Nb1 Qa6 38. Qa4 Bf8 39. Qb5 Qa8 40. Bf5 Kg7 41. Bd7 Nc2 42. Bc6 Qc8 43. a6 Qd8 44. a7 Nd4 45. a8Q Qxa8 46. Bxa8 Nxb5 47. cxb5 Be7 48. Bc6 Bd8 49. Nd2 Kg6 50. Nc4 Bc7 51. b6 Bb8 52. f3 f5 53. Kf2 Kf6 54. b7 Ba7 55. Ke2 fxg4 56. fxg4 Ke7 57. Kf3 Kf7 58. Nxd6+ Kf6 59. Nc4 Bb8 60. d6 Ke6 61. Ke4 Ba7 62. d7 Ke7 63. Kxe5 Bb8+ 64. Kf5 1-0

[Event "ROM-ch U10 Girls"]
[Site "Calimanesti"]
[Date "2014.04.09"]
[Round "4"]
[White "Covrig, Larisa Raluca"]
[Black "Obada, Ema"]
[Result "1-0"]
[WhiteElo "1428"]
[BlackElo "1526"]
[PlyCount "135"]
[EventDate "2014.04.06"]
[EventType "swiss"]
[EventRounds "9"]
[EventCountry "ROU"]
[SourceTitle "CBM 160 Extra"]
[Source "ChessBase"]
[SourceDate "2014.07.01"]
[SourceVersion "1"]
[SourceVersionDate "2014.07.01"]
[SourceQuality "1"]

1. d4 Nf6 2. Bg5 h6 3. Bxf6 exf6 4. Nf3 b6 5. e3 Bb7 6. Bd3 Be7 7. Nc3 0-0 8. 0-0 Re8 9. e4 Bb4 10. Re1 Nc6 11. a3 Bf8 12. d5 Ne5 13. Nxe5 fxe5 14. Ne2 Qf6 15. b4 a5 16. c3 Ra7 17. Qd2 Rea8 18. Qb2 Bd6 19. Ng3 g6 20. f3 Qe7 21. Kh1 Qg5 22. Nf1 Qf4 23. Nd2 h5 24. Nc4 h4 25. h3 Ba6 26. b5 Bb7 27. Nxd6 cxd6 28. a4 Rc8 29. c4 Raa8 30. Qf2 Kh7 31. Qxb6 Rcb8 32. Qxd6 Bc8 33. Qa3 Bb7 34. Qc1 Qf6 35. Rf1 Qe7 36. Qa3 d6 37. f4 Rf8 38. fxe5 Qxe5 39. Qc1 Qd4 40. Ra3 Rad8 41. Qc3 Qc5 42. Rf4 g5 43. Rf5 f6 44. Ra1 Kg6 45. Raf1 Qc7 46. Rxf6+ Rxf6 47. Rxf6+ Kh7 48. e5+ Kg7 49. e6 Kg8 50. Rg6+ Kf8 51. Qh8+ Ke7 52. Rg7+ Kf6 53. Rxc7+ Rxh8 54. Rxb7 Re8 55. Rf7+ Ke5 56. e7 Kd4 57. Bf5 g4 58. Bd7 Rb8 59. e8Q Rxe8 60. Bxe8 g3 61. Rf4+ Kd3 62. b6 Kc3 63. b7 Kd3 64. b8Q Kc3 65. Qb1 Kd2 66. Rf3 Ke2 67. Qd3+ Ke1 68. Rf1# 1-0

[Event "ROM-ch U10 Girls"]
[Site "Calimanesti"]
[Date "2013.04.06"]
[Round "7"]
[White "Covrig, Larisa Raluca"]
[Black "Panescu, Daria Petruta"]
[Result "1-0"]
[WhiteElo "1190"]
[BlackElo "1118"]
[PlyCount "65"]
[EventDate "2013.04.02"]
[EventType "swiss"]
[EventRounds "9"]
[EventCountry "ROU"]
[SourceTitle "CBM 153 Extra"]
[Source "ChessBase"]
[SourceDate "2013.04.22"]
[SourceVersion "1"]
[SourceVersionDate "2013.04.22"]
[SourceQuality "1"]

1. d4 Nf6 2. Bf4 e6 3. e3 d5 4. c4 Be7 5. Nc3 c5 6. Nf3 Nbd7 7. Be2 b6 8. Nb5 0-0 9. 0-0 Bb7 10. Nc7 Rc8 11. Nb5 a6 12. Nd6 Bxd6 13. Bxd6 Re8 14. b3 Ne4 15. Bf4 Ndf6 16. Bd3 Qd7 17. Ne5 Qe7 18. f3 Nd6 19. Qe2 cxd4 20. exd4 Nf5 21. Be3 Nxe3 22. Qxe3 Qd6 23. Qe2 dxc4 24. Nxc4 Qxd4+ 25. Kh1 Red8 26. Rad1 Nd5 27. Bxh7+ Kxh7 28. Rxd4 Nc3 29. Qd3+ Kg8 30. Qxc3 b5 31. Nd6 Bd5 32. Rc1 Kf8 33. Nxc8 1-0

[Event "ROM-ch U10 Girls"]
[Site "Calimanesti"]
[Date "2013.04.05"]
[Round "6"]
[White "Avadani, Teodora"]
[Black "Covrig, Larisa Raluca"]
[Result "1-0"]
[WhiteElo "1102"]
[BlackElo "1190"]
[PlyCount "91"]
[EventDate "2013.04.02"]
[EventType "swiss"]
[EventRounds "9"]
[EventCountry "ROU"]
[SourceTitle "CBM 153 Extra"]
[Source "ChessBase"]
[SourceDate "2013.04.22"]
[SourceVersion "1"]
[SourceVersionDate "2013.04.22"]
[SourceQuality "1"]

1. d4 d5 2. Nc3 Bf5 3. Bf4 c6 4. e3 Nf6 5. Bd3 Bxd3 6. cxd3 e6 7. Nge2 Bd6 8. Bg5 h6 9. Bxf6 Qxf6 10. e4 dxe4 11. dxe4 Qe7 12. 0-0 0-0 13. a3 Nd7 14. Qd3 e5 15. Rad1 Nf6 16. Ng3 Rad8 17. Nf5 Qe6 18. Nxd6 Qxd6 19. d5 Rd7 20. Rd2 Rfd8 21. Rfd1 a6 22. Nb1 b5 23. Qc2 Rc7 24. dxc6 Rxc6 25. Rxd6 Rxc2 26. Rxd8+ Kh7 27. R8d2 Rc6 28. Nc3 Rc5 29. f3 a5 30. Nd5 Nd7 31. Kf2 h5 32. g3 Kh6 33. f4 exf4 34. gxf4 g5 35. Kf3 g4+ 36. Kg3 b4 37. axb4 axb4 38. e5 b3 39. Rd3 Rb5 40. Nc3 Nxe5 41. Rd6+ f6 42. Nxb5 Nc4 43. Rxf6+ Kg7 44. Rc6 Ne3 45. Rd7+ Kf8 46. Rc8# 1-0

[Event "ROM-ch U10 Girls"]
[Site "Calimanesti"]
[Date "2013.04.03"]
[Round "2"]
[White "Boboc, Thea Elena"]
[Black "Covrig, Larisa Raluca"]
[Result "1-0"]
[WhiteElo "1321"]
[BlackElo "1190"]
[PlyCount "75"]
[EventDate "2013.04.02"]
[EventType "swiss"]
[EventRounds "9"]
[EventCountry "ROU"]
[SourceTitle "CBM 153 Extra"]
[Source "ChessBase"]
[SourceDate "2013.04.22"]
[SourceVersion "1"]
[SourceVersionDate "2013.04.22"]
[SourceQuality "1"]

1. d4 d5 2. c4 dxc4 3. e3 b5 4. a4 c6 5. axb5 cxb5 6. Qf3 Bb7 7. Qxb7 Nd7 8. Qxb5 Qc7 9. Qxc4 Qxc4 10. Bxc4 e6 11. Bd2 Bd6 12. Nf3 Ngf6 13. Nc3 0-0 14. 0-0 Nb6 15. Bd3 Nbd5 16. e4 Nxc3 17. bxc3 Bc7 18. e5 Nd5 19. Ng5 g6 20. Ne4 Kg7 21. c4 Ne7 22. Bg5 Nf5 23. Nf6 Nxd4 24. Ng4 Rfe8 25. Bh6+ Kh8 26. Be3 Red8 27. Be4 Rab8 28. Rxa7 f5 29. exf6 Bb6 30. Rf7 Ne2+ 31. Kh1 Bxe3 32. fxe3 Rf8 33. Rg7 Nc3 34. Bd3 Rbd8 35. Ne5 Na4 36. Nf7+ Rxf7 37. Rxf7 Rxd3 38. Rf8# 1-0